| 000 | 00425nam a2200181Ia 4500 | ||
|---|---|---|---|
| 008 | 210210b1958 xxu||||| |||| 00| 0 eng d | ||
| 041 | _aeng | ||
| 082 | _a822/1123 | ||
| 100 | _aSPEAIGHT (Robert) | ||
| 245 | _aLetters from hilaire belloc | ||
| 260 |
_aLondon _bHollis and Carter _c1958 |
||
| 650 | _aLetters | ||
| 650 | _ahilaire | ||
| 650 | _afrom | ||
| 650 | _abelloc | ||
| 690 | _aEnglish Prose | ||
| 906 | _a013306 | ||
| 999 |
_c132171 _d132171 |
||